Music Quiz

Random Music or Lyrics Quiz

New Found Glory Opening Lines Quiz Stats

 Plays Quiz not verified by Sporcle

Challenge
Share
Tweet
Embed
Score 0/8 Timer 03:00
0 Plays Today
Opening Line Song % Correct
The needle on my record player has been wearing thinHit Or Miss
95%
I wake up in a waiting room with the taste of blood and a clouded viewListen To Your Friends
67.5%
I know it's hard for you to understand what I'm going throughDressed To Kill
62.5%
The way your hair swings over your eyesHold My Hand
55%
I'm in and out of conversationAt Least I'm Known For Something
40%
Had everybody feeling bad for you the past two years all the pain you went throughThe Worst Person
40%
I figured all the years we shared were proof enoughSingled Out
32.5%
Would you save me or leave me behind?Ready, Aim, Fire!
17.5%

You're not logged in!

Compare scores with friends on all Sporcle quizzes.
OR
Log In

You Might Also Like...

Show Comments

Extras

Top Quizzes Today


Score Distribution

Your Account Isn't Verified!

In order to create a playlist on Sporcle, you need to verify the email address you used during registration. Go to your Sporcle Settings to finish the process.

Report this User

Report this user for behavior that violates our Community Guidelines.

Details: